[Event "FRA-chT Top 16 GpB"]
[Site "Cannes"]
[Date "2005.04.02"]
[Round "6.9"]
[White "Nicoara, Malina"]
[Black "Gervais, Claire"]
[Result "1/2-1/2"]
[WhiteElo "2242"]
[BlackElo "2121"]
[PlyCount "83"]
[EventDate "2005.03.31"]
[EventType "team-tourn"]
[EventRounds "7"]
[EventCountry "FRA"]
[SourceTitle "CBM 105 Extra"]
[Source "ChessBase"]
[SourceDate "2005.05.01"]
[SourceVersion "1"]
[SourceVersionDate "2005.05.01"]
[SourceQuality "1"]
[WhiteTeam "Nice"]
[BlackTeam "Gonfreville"]
[WhiteTeamCountry "FRA"]
[BlackTeamCountry "FRA"]

1. d4 Nf6 2. c4 e6 3. Nc3 c5 4. d5 exd5 5. cxd5 d6 6. e4 g6 7. Bb5+ Bd7 8. a4 Bg7 9. Bf4 Qe7 10. Nge2 0-0 11. Bd3 Na6 12. 0-0 Nb4 13. Bb1 a6 14. a5 Rfe8 15. h3 Rab8 16. Bh2 Rbd8 17. f4 Bc8 18. Ra3 b5 19. axb6 Qb7 20. Kh1 Qxb6 21. Qd2 Qb7 22. Nc1 Bd7 23. f5 Bb5 24. Rf2 Qe7 25. fxg6 hxg6 26. Bf4 Nh7 27. Nxb5 axb5 28. Ne2 Qb7 29. Bh6 Rd7 30. Bxg7 Kxg7 31. Qc3+ Kg8 32. Qg3 Re5 33. Ng1 Ng5 34. Qf4 Rde7 35. Qf6 Nxe4 36. Bxe4 Rxe4 37. Qxd6 Qxd5 38. Qb8+ Re8 39. Qxb5 Re1 40. Rf1 Rxf1 41. Qxf1 Nc2 42. Qf3 1/2-1/2

[Event "FRA-chT Top 16 GpB"]
[Site "Cannes"]
[Date "2005.03.31"]
[Round "4.9"]
[White "Lallemand, Roza"]
[Black "Gervais, Claire"]
[Result "1-0"]
[WhiteElo "2303"]
[BlackElo "2121"]
[PlyCount "83"]
[EventDate "2005.03.31"]
[EventType "team-tourn"]
[EventRounds "7"]
[EventCountry "FRA"]
[SourceTitle "CBM 105 Extra"]
[Source "ChessBase"]
[SourceDate "2005.05.01"]
[SourceVersion "1"]
[SourceVersionDate "2005.05.01"]
[SourceQuality "1"]
[WhiteTeam "Monaco"]
[BlackTeam "Gonfreville"]
[WhiteTeamCountry "MNC"]
[BlackTeamCountry "FRA"]

1. d4 e6 2. e4 d5 3. Nd2 c5 4. exd5 exd5 5. Ngf3 Nf6 6. Bb5+ Bd7 7. Qe2+ Qe7 8. Ne5 c4 9. Bxd7+ Nfxd7 10. b3 Nxe5 11. dxe5 c3 12. Nf3 Nc6 13. 0-0 d4 14. Qd3 0-0-0 15. Bg5 f6 16. exf6 gxf6 17. Qf5+ Qd7 18. Qxd7+ Rxd7 19. Bxf6 Bg7 20. Bxg7 Rxg7 21. Rfd1 Rd8 22. a3 Re7 23. Kf1 a5 24. b4 a4 25. b5 Ne5 26. Re1 Rde8 27. Rxe5 Rxe5 28. Nxe5 Rxe5 29. Rd1 Rd5 30. Ke2 Kc7 31. Kd3 Kd6 32. Rb1 Kc5 33. Rb4 Rf5 34. f3 Rf4 35. Rxa4 h5 36. Rc4+ Kd5 37. Rc7 b6 38. Rh7 h4 39. Rh5+ Kd6 40. h3 Kc7 41. Rd5 Re4 42. Kxe4 1-0

[Event "FRA-chT Gp-A"]
[Site "France"]
[Date "2004.04.02"]
[Round "5"]
[White "Gervais, Claire"]
[Black "Fruteau, Sabine"]
[Result "0-1"]
[WhiteElo "2148"]
[BlackElo "2120"]
[PlyCount "132"]
[EventDate "2004.01.30"]
[EventType "team"]
[EventRounds "7"]
[EventCountry "FRA"]
[SourceTitle "EXT 2005"]
[Source "ChessBase"]
[SourceDate "2004.11.15"]
[SourceVersion "1"]
[SourceVersionDate "2004.11.15"]
[SourceQuality "1"]
[WhiteTeam "Gonfreville"]
[BlackTeam "Orange"]
[WhiteTeamCountry "FRA"]
[BlackTeamCountry "FRA"]

1. d4 e6 2. c4 d5 3. Nc3 Be7 4. cxd5 exd5 5. Bf4 c6 6. Qc2 Nf6 7. e3 0-0 8. Bd3 Re8 9. Nge2 Nbd7 10. 0-0 Nf8 11. Rab1 a5 12. h3 Bd6 13. Bg5 Ng6 14. Bf5 h6 15. Bxf6 Qxf6 16. Bxc8 Raxc8 17. Kh1 Qe6 18. Ng1 Nh4 19. Qd1 Nf5 20. Nf3 g5 21. g4 Ng7 22. Ng1 Rf8 23. Qf3 Rce8 24. Rbe1 f5 25. Qg2 Qf6 26. f3 h5 27. e4 fxe4 28. fxe4 Qxd4 29. Nf3 Qc4 30. e5 Bxe5 31. Nxe5 Rxf1+ 32. Rxf1 Rxe5 33. Qf3 Re8 34. gxh5 Qf4 35. Qxf4 gxf4 36. Rxf4 Nxh5 37. Rg4+ Kf7 38. Kg2 Nf6 39. Ra4 b6 40. Rf4 Re3 41. h4 Kg6 42. Kf2 Rh3 43. Kg2 Rd3 44. Rf2 Ne4 45. Nxe4 dxe4 46. Rc2 c5 47. a3 a4 48. Kf2 Rb3 49. Rc4 Rxb2+ 50. Ke3 Rb3+ 51. Kxe4 Rxa3 52. Kd5 Rd3+ 53. Kc6 Rd4 54. Rc1 Rb4 55. Ra1 Kh5 56. Kd5 Kxh4 57. Ra3 Kg4 58. Rc3 Kf4 59. Rh3 c4 60. Kd4 b5 61. Rh8 Rb1 62. Rf8+ Kg3 63. Kc3 a3 64. Ra8 Rb3+ 65. Kc2 Kf2 66. Rf8+ Ke2 0-1

[Event "FRA-chT Gp-A"]
[Site "France"]
[Date "2004.01.31"]
[Round "2"]
[White "Nicoara, Malina"]
[Black "Gervais, Claire"]
[Result "1-0"]
[WhiteElo "2252"]
[BlackElo "2148"]
[PlyCount "53"]
[EventDate "2004.01.30"]
[EventType "team"]
[EventRounds "7"]
[EventCountry "FRA"]
[SourceTitle "CBM 098 Extra"]
[Source "ChessBase"]
[SourceDate "2004.03.10"]
[SourceVersion "2"]
[SourceVersionDate "2004.03.10"]
[SourceQuality "1"]
[WhiteTeam "Nice"]
[BlackTeam "Gonfreville"]
[WhiteTeamCountry "FRA"]
[BlackTeamCountry "FRA"]

1. d4 e6 2. c4 f5 3. g3 Nf6 4. Bg2 d5 5. Nf3 c6 6. 0-0 Bd6 7. b3 Qe7 8. a4 0-0 9. Ba3 Bxa3 10. Nxa3 b6 11. Qc2 Na6 12. cxd5 cxd5 13. Ne5 Nb4 14. Qb2 Bb7 15. Rac1 a6 16. Nc2 Nxc2 17. Rxc2 a5 18. Rfc1 Rfc8 19. e3 Ne4 20. Bf1 Nd6 21. b4 Qd8 22. bxa5 Rxa5 23. Rxc8 Nxc8 24. Bb5 Nd6 25. Bd7 Kf8 26. Qb4 Ke7 27. Rc6 1-0

[Event "FRA-chT Gp-A"]
[Site "France"]
[Date "2004.01.30"]
[Round "1"]
[White "Gervais, Claire"]
[Black "Roumegous, Marina"]
[Result "1/2-1/2"]
[WhiteElo "2148"]
[BlackElo "2195"]
[PlyCount "118"]
[EventDate "2004.01.30"]
[EventType "team"]
[EventRounds "7"]
[EventCountry "FRA"]
[SourceTitle "CBM 098 Extra"]
[Source "ChessBase"]
[SourceDate "2004.03.10"]
[SourceVersion "2"]
[SourceVersionDate "2004.03.10"]
[SourceQuality "1"]
[WhiteTeam "Gonfreville"]
[BlackTeam "Evry"]
[WhiteTeamCountry "FRA"]
[BlackTeamCountry "FRA"]

1. d4 Nf6 2. c4 c5 3. d5 b5 4. cxb5 a6 5. b6 Qxb6 6. Nc3 d6 7. e4 g6 8. Nf3 Bg7 9. Be2 0-0 10. 0-0 Nbd7 11. Nd2 Rb8 12. Nc4 Qc7 13. a4 Rb4 14. a5 Ne8 15. f4 Bd4+ 16. Kh1 Ng7 17. Ra3 Qb8 18. Na2 Rb7 19. Bd2 Ne8 20. Bc3 Bxc3 21. Nxc3 Nc7 22. Na4 Nb5 23. Rg3 Nd4 24. Bd3 Rb4 25. Nab6 Nxb6 26. axb6 Bd7 27. Qh5 Kh8 28. Qh6 Rg8 29. f5 gxf5 30. Rh3 Rg7 31. exf5 f6 32. g4 Qg8 33. Ne3 Rxb6 34. Rg1 Rg5 35. Rh5 Qg7 36. Qxg7+ Rxg7 37. g5 Rb3 38. Rd1 Rxg5 39. Rxg5 fxg5 40. Nc4 Bxf5 41. Bxf5 Nxf5 42. Rf1 Ne3 43. Rf3 Rb4 44. Nxe3 Rxb2 45. Rf7 Re2 46. Nf5 h5 47. Nxe7 c4 48. Ng6+ Kg8 49. Rc7 Rc2 50. Ne7+ Kf8 51. Nf5 c3 52. Nxd6 Rd2 53. Rxc3 Rxd5 54. Ne4 g4 55. Kg2 Ke7 56. Kg3 a5 57. h3 gxh3 58. Kxh3 Ke6 59. Ra3 Ke5 1/2-1/2

[Event "FRA-chT Poule Haute"]
[Site "France"]
[Date "2003.05.07"]
[Round "8.9"]
[White "Leconte, Maria"]
[Black "Gervais, Claire"]
[Result "1-0"]
[WhiteElo "2322"]
[BlackElo "2151"]
[PlyCount "75"]
[EventDate "2003.05.07"]
[EventType "team-tourn"]
[EventRounds "4"]
[EventCountry "FRA"]
[SourceTitle "CBM 095"]
[Source "ChessBase"]
[SourceDate "2003.07.25"]
[SourceVersion "1"]
[SourceVersionDate "2003.07.25"]
[SourceQuality "1"]
[WhiteTeam "Cannes"]
[BlackTeam "Gonfreville"]
[WhiteTeamCountry "FRA"]
[BlackTeamCountry "FRA"]

1. e4 e6 2. d4 d5 3. Nc3 dxe4 4. Nxe4 Nd7 5. Nf3 Ngf6 6. Nxf6+ Nxf6 7. Ne5 c6 8. Be2 Be7 9. 0-0 0-0 10. Bf3 Nd7 11. Qe2 Bg5 12. c4 Bxc1 13. Raxc1 Qa5 14. Rc3 Rd8 15. Rd1 Nf8 16. Be4 f6 17. Nf3 Qh5 18. Bc2 Bd7 19. Re3 Be8 20. c5 Bf7 21. Bb3 Re8 22. Re1 Kh8 23. Re4 Bg8 24. Rh4 Qf7 25. Nd2 Qc7 26. Nc4 b6 27. Nd6 Re7 28. Re4 bxc5 29. dxc5 e5 30. Bxg8 Kxg8 31. Nf5 Rd7 32. Qc4+ Kh8 33. Nd6 Ng6 34. g3 Qb8 35. Nf7+ Rxf7 36. Qxf7 Qxb2 37. h4 Rf8 38. Qxa7 1-0

[Event "FRA-chT1"]
[Site "France"]
[Date "2002.??.??"]
[Round "9.8"]
[White "Gervais, Claire"]
[Black "Goldgewicht, Lionel"]
[Result "0-1"]
[WhiteElo "2169"]
[BlackElo "2334"]
[PlyCount "84"]
[EventDate "2002.02.??"]
[EventType "team"]
[EventRounds "11"]
[EventCountry "FRA"]
[SourceTitle "EXT 2003"]
[Source "ChessBase"]
[SourceDate "2002.11.25"]
[SourceVersion "1"]
[SourceVersionDate "2002.11.25"]
[SourceQuality "1"]
[WhiteTeam "Gonfreville"]
[BlackTeam "Cannes"]
[WhiteTeamCountry "FRA"]
[BlackTeamCountry "FRA"]

1. d4 e6 2. c4 d5 3. Nc3 Be7 4. Nf3 Nf6 5. cxd5 exd5 6. Bg5 c6 7. Qc2 0-0 8. e3 Ne4 9. Bxe7 Qxe7 10. Bd3 f5 11. 0-0 Be6 12. Na4 Nd7 13. Rac1 Rf6 14. Nd2 Re8 15. Rfe1 Kh8 16. a3 Rh6 17. Nf1 Rf8 18. f3 Nd6 19. Nc5 Nf6 20. Nxe6 Qxe6 21. Ng3 Nh5 22. Qf2 Nxg3 23. Qxg3 Re8 24. b3 Qe7 25. a4 Re6 26. Re2 Rxe3 27. Rce1 Rxe2 28. Rxe2 Qf6 29. Re5 g6 30. Qe1 Qf7 31. Qb4 Re6 32. Qc5 a6 33. b4 Qe7 34. Qc3 Kg8 35. Kf2 Rxe5 36. dxe5 Nf7 37. f4 Nd8 38. g3 Ne6 39. Be2 Kf7 40. h4 Qd8 41. Qe3 Qc7 42. Bf3 a5 0-1

[Event "FRA-chT"]
[Site "France"]
[Date "2001.03.31"]
[Round "6.9"]
[White "Gervais, Claire"]
[Black "Chapelle, Emilie"]
[Result "1-0"]
[WhiteElo "2170"]
[BlackElo "2060"]
[PlyCount "69"]
[EventDate "2001.02.02"]
[EventType "team"]
[EventRounds "11"]
[EventCountry "FRA"]
[SourceTitle "EXT 2002"]
[Source "ChessBase"]
[SourceDate "2001.11.25"]
[SourceVersion "1"]
[SourceVersionDate "2001.11.25"]
[SourceQuality "1"]
[WhiteTeam "Gonfreville"]
[BlackTeam "Strasbourg"]
[WhiteTeamCountry "FRA"]
[BlackTeamCountry "FRA"]

1. d4 Nf6 2. c4 e6 3. Nc3 Bb4 4. Qc2 c5 5. dxc5 Na6 6. a3 Bxc3+ 7. Qxc3 Nxc5 8. f3 h6 9. e4 b6 10. Ne2 Bb7 11. Ng3 0-0 12. e5 Ne8 13. Be3 d6 14. Rd1 Qe7 15. exd6 Nxd6 16. b4 Na6 17. Qe5 Rfd8 18. Bd3 f6 19. Qb2 Rac8 20. Qe2 Nb8 21. c5 bxc5 22. Bxc5 Rxc5 23. bxc5 Nf7 24. Rc1 Ne5 25. Bb5 Nbc6 26. 0-0 Nd4 27. Qb2 Nxb5 28. Qxb5 Bc6 29. Qa5 Nd3 30. Rfd1 Rd5 31. Rc3 Nf4 32. Rxd5 exd5 33. Kf2 d4 34. Rb3 d3 35. Qb4 1-0

[Event "FRA-chT"]
[Site "France"]
[Date "2001.02.03"]
[Round "2.9"]
[White "Wolfangel, Florence"]
[Black "Gervais, Claire"]
[Result "1/2-1/2"]
[WhiteElo "1870"]
[BlackElo "2170"]
[PlyCount "40"]
[EventDate "2001.02.02"]
[EventType "team"]
[EventRounds "11"]
[EventCountry "FRA"]
[SourceTitle "EXT 2002"]
[Source "ChessBase"]
[SourceDate "2001.11.25"]
[SourceVersion "1"]
[SourceVersionDate "2001.11.25"]
[SourceQuality "1"]
[WhiteTeam "Noyon"]
[BlackTeam "Gonfreville"]
[WhiteTeamCountry "FRA"]
[BlackTeamCountry "FRA"]

1. d4 Nf6 2. c4 e6 3. Nc3 Bb4 4. e3 0-0 5. Nge2 b6 6. a3 Be7 7. Nf4 Bb7 8. Qc2 d6 9. Bd3 Nbd7 10. 0-0 Re8 11. b4 a6 12. Bb2 Bf8 13. Ne4 h6 14. Rfd1 Ra7 15. Nxf6+ Nxf6 16. c5 Qa8 17. cxb6 cxb6 18. f3 a5 19. bxa5 Rxa5 20. Bc3 Ra7 1/2-1/2

[Event "FRA-chT 01 (Women)"]
[Site "Clichy"]
[Date "2001.??.??"]
[Round "?"]
[White "Sebag, Marie"]
[Black "Gervais, Claire"]
[Result "1-0"]
[WhiteElo "2298"]
[BlackElo "2170"]
[PlyCount "101"]
[EventDate "2001.02.??"]
[EventType "team"]
[EventRounds "11"]
[EventCountry "FRA"]
[SourceTitle "CBM 080 Extra"]
[Source "ChessBase"]
[SourceDate "2001.03.08"]
[SourceVersion "1"]
[SourceVersionDate "2001.03.08"]
[SourceQuality "1"]

1. e4 e6 2. d4 d5 3. Nc3 Bb4 4. e5 c5 5. a3 Ba5 6. b4 cxd4 7. Nb5 Bc7 8. f4 Ne7 9. Bd3 Nbc6 10. Nf3 Nf5 11. Bxf5 exf5 12. Nxc7+ Qxc7 13. Bb2 Qb6 14. Bxd4 Nxd4 15. Nxd4 0-0 16. 0-0 Be6 17. Kh1 Rac8 18. g4 Rc4 19. c3 Rxc3 20. gxf5 Rc4 21. fxe6 Qxd4 22. Qxd4 Rxd4 23. e7 Re8 24. Rac1 f5 25. exf6 gxf6 26. Rc7 Kf7 27. Rg1 Re4 28. Rxb7 R8xe7 29. Rb8 Rxf4 30. Rd1 Rd7 31. a4 Rf2 32. a5 Ra2 33. Rc8 d4 34. Rc6 d3 35. Rc3 d2 36. Kg2 Rb2 37. Rc4 Ke6 38. Kf3 Kd5 39. Rf4 Rd6 40. Ke3 Kc6 41. Rc4+ Kb5 42. Rc7 Rb3+ 43. Ke2 Rh3 44. Rxa7 Rxh2+ 45. Ke3 h5 46. Rb7+ Ka6 47. Rb8 h4 48. b5+ Kxa5 49. b6 Rh3+ 50. Ke2 Rb3 51. Ra8+ 1-0

[Event "FRA-chT 9900"]
[Site "France"]
[Date "2000.04.30"]
[Round "10.7"]
[White "Gervais, Claire"]
[Black "Borne, Niels"]
[Result "1/2-1/2"]
[WhiteElo "2182"]
[BlackElo "2325"]
[PlyCount "186"]
[EventDate "1999.02.04"]
[EventType "team"]
[EventRounds "11"]
[EventCountry "FRA"]
[SourceTitle "EXT 2001"]
[Source "ChessBase"]
[SourceDate "2000.11.22"]
[SourceVersion "1"]
[SourceVersionDate "2000.11.22"]
[SourceQuality "1"]

1. d4 Nf6 2. c4 e6 3. Nc3 Bb4 4. Qc2 c5 5. dxc5 0-0 6. Bg5 Na6 7. a3 Bxc3+ 8. Qxc3 Nxc5 9. Bxf6 Qxf6 10. Qxf6 gxf6 11. b4 Na4 12. e3 b6 13. Nf3 Ba6 14. Nd2 f5 15. e4 Rac8 16. exf5 exf5 17. f3 Rfe8+ 18. Kf2 Nb2 19. Rb1 Nxc4 20. Nxc4 Bxc4 21. Bxc4 Rxc4 22. Rb2 Rc3 23. Rd1 Re7 24. Ra2 Kg7 25. Rd4 Kg6 26. a4 Rb3 27. a5 d5 28. Rxd5 Rxb4 29. a6 Rc4 30. Rd8 Rec7 31. Kg3 f4+ 32. Kh3 R7c5 33. Rd6+ f6 34. g3 Rc3 35. Kg4 h5+ 36. Kh4 Rxf3 37. Rd7 Rg5 38. Rg2 Ra3 39. Rxa7 f3 40. Rf2 Re5 41. Rc7 Re2 42. Rxe2 fxe2 43. Re7 Ra4+ 44. Kh3 Rxa6 45. Rxe2 b5 46. Rb2 Rb6 47. Rb4 Kf5 48. Kh4 Rb8 49. h3 Rb7 50. Rf4+ Kg6 51. Rb4 Rb8 52. g4 hxg4 53. Kxg4 Rb6 54. Kf4 Rb8 55. Kg4 Kf7 56. Kf5 Rh8 57. Kg4 Rg8+ 58. Kf4 Rg5 59. Rd4 Rc5 60. Rd6 Kg6 61. Rb6 Rc4+ 62. Kg3 b4 63. Rb5 Rc3+ 64. Kg4 f5+ 65. Kf4 Rc4+ 66. Kg3 Kg5 67. Rb8 Rc3+ 68. Kg2 b3 69. Rb4 Rc2+ 70. Kf3 Rc3+ 71. Kg2 Rd3 72. h4+ Kh5 73. Rf4 Kg6 74. Rb4 Kf6 75. Rb6+ Ke5 76. Rb4 Rd2+ 77. Kf3 Rd3+ 78. Kg2 f4 79. h5 Rd2+ 80. Kf3 Rh2 81. Rb5+ Kd4 82. Kxf4 Kc4 83. Rxb3 Kxb3 84. Kg5 Kc4 85. Kg6 Kd5 86. h6 Ke6 87. Kg7 Ke7 88. h7 Rg2+ 89. Kh8 Rf2 90. Kg7 Rf7+ 91. Kg6 Rf8 92. Kg7 Rh8 93. Kxh8 Kf8 1/2-1/2

[Event "FRA-chT 9900"]
[Site "France"]
[Date "2000.04.01"]
[Round "6.9"]
[White "Levacic, Melissa"]
[Black "Gervais, Claire"]
[Result "0-1"]
[WhiteElo "1880"]
[BlackElo "2182"]
[PlyCount "64"]
[EventDate "1999.02.04"]
[EventType "team"]
[EventRounds "11"]
[EventCountry "FRA"]
[SourceTitle "EXT 2001"]
[Source "ChessBase"]
[SourceDate "2000.11.22"]
[SourceVersion "1"]
[SourceVersionDate "2000.11.22"]
[SourceQuality "1"]

1. e4 e6 2. d4 d5 3. exd5 exd5 4. Bd3 Nc6 5. c3 Bd6 6. Qf3 Be6 7. Ne2 Qd7 8. b3 0-0-0 9. Bf4 Bxf4 10. Nxf4 Bf5 11. 0-0 Bxd3 12. Nxd3 h5 13. Nc5 Qe7 14. Nd2 Qf6 15. Rfe1 Qxf3 16. Nxf3 b6 17. Nd3 f6 18. h4 Nge7 19. Nf4 Rdg8 20. Re2 g5 21. hxg5 fxg5 22. Nd3 Nf5 23. Nfe5 Nce7 24. Rae1 Rg7 25. Nb4 Kb7 26. Nbd3 Ng8 27. Nb4 Nf6 28. Nc2 g4 29. Ne3 Nh4 30. Nd3 Nf3+ 31. gxf3 gxf3+ 32. Kf1 Rhg8 0-1

[Event "FRA-chT 9900"]
[Site "France"]
[Date "2000.02.05"]
[Round "2.9"]
[White "De Lagontrie, Jean"]
[Black "Gervais, Claire"]
[Result "1/2-1/2"]
[WhiteElo "2107"]
[BlackElo "2182"]
[PlyCount "115"]
[EventDate "1999.02.04"]
[EventType "team"]
[EventRounds "11"]
[EventCountry "FRA"]
[SourceTitle "EXT 2001"]
[Source "ChessBase"]
[SourceDate "2000.11.22"]
[SourceVersion "1"]
[SourceVersionDate "2000.11.22"]
[SourceQuality "1"]

1. d4 e6 2. c4 Nf6 3. Nc3 Bb4 4. e3 0-0 5. Nge2 b6 6. a3 Be7 7. Nf4 d6 8. d5 e5 9. Nfe2 Ne8 10. e4 Bg5 11. Ng3 g6 12. Bxg5 Qxg5 13. h4 Qe7 14. h5 Qg5 15. Qd2 Qxd2+ 16. Kxd2 Nd7 17. b4 a6 18. Be2 Ndf6 19. hxg6 fxg6 20. f3 Ng7 21. Nd1 Ngh5 22. Nxh5 Nxh5 23. g4 Ng3 24. Rg1 Nxe2 25. Kxe2 h6 26. Rh1 Kg7 27. Ne3 Bd7 28. Rh2 Rh8 29. Rah1 a5 30. b5 Rh7 31. Nf1 Rah8 32. Ng3 Kf6 33. Kf2 Kg5 34. Ke3 Rf7 35. Nf1 Rhf8 36. Nd2 Rh7 37. Nf1 Be8 38. Ng3 Rhf7 39. Rf2 Bd7 40. Rhf1 h5 41. gxh5 gxh5 42. Rg1 Bh3 43. Nf5+ Kf6 44. Nh4 Rg7 45. Rxg7 Kxg7 46. Rh2 Bd7 47. Rg2+ Kh7 48. Rg5 Be8 49. Nf5 Rg8 50. Rxg8 Kxg8 51. Kf2 Bd7 52. Ne3 h4 53. Ng2 h3 54. Ne3 Kg7 55. Kg3 Kg6 56. Nf1 Kg5 57. Nh2 Bc8 58. Nf1 1/2-1/2

[Event "FRA-chT 9900"]
[Site "France"]
[Date "2000.02.04"]
[Round "1.9"]
[White "Leconte, Maria"]
[Black "Gervais, Claire"]
[Result "1-0"]
[WhiteElo "2257"]
[BlackElo "2182"]
[PlyCount "71"]
[EventDate "1999.02.04"]
[EventType "team"]
[EventRounds "11"]
[EventCountry "FRA"]
[SourceTitle "EXT 2001"]
[Source "ChessBase"]
[SourceDate "2000.11.22"]
[SourceVersion "1"]
[SourceVersionDate "2000.11.22"]
[SourceQuality "1"]

1. e4 e6 2. d3 d5 3. Nd2 c5 4. Ngf3 Bd6 5. g3 Nc6 6. Bg2 Nge7 7. 0-0 0-0 8. Nh4 Bc7 9. f4 f5 10. exf5 exf5 11. Ndf3 d4 12. c4 Qe8 13. a3 a5 14. Bd2 a4 15. Re1 h6 16. Rb1 Qh5 17. Qe2 Qf7 18. b4 axb3 19. Rxb3 Rb8 20. Ne5 Nxe5 21. fxe5 g5 22. Nf3 Qe6 23. Rbb1 b6 24. Rf1 Bb7 25. Rbe1 Ng6 26. Bxg5 hxg5 27. Nxg5 Qe7 28. Qh5 Nxe5 29. Bh3 Bc8 30. Rf4 Qg7 31. Rh4 Ng6 32. Bg2 Rd8 33. Bd5+ Rxd5 34. Re8+ Nf8 35. cxd5 Bd7 36. Re7 1-0

[Event "EU-chT (Women) 3rd"]
[Site "Batumi"]
[Date "1999.12.02"]
[Round "4.2"]
[White "Gervais, Claire"]
[Black "Shukurova, Meihriban"]
[Result "0-1"]
[WhiteElo "2179"]
[BlackElo "2204"]
[PlyCount "58"]
[EventDate "1999.11.06"]
[EventType "team-swiss"]
[EventRounds "9"]
[EventCountry "GEO"]
[SourceTitle "CBM 073 Extra"]
[Source "ChessBase"]
[SourceDate "2000.01.11"]
[SourceVersion "1"]
[SourceVersionDate "2000.01.11"]
[SourceQuality "1"]
[WhiteTeam "France (W)"]
[BlackTeam "Azerbaijan (W)"]
[WhiteTeamCountry "FRA"]
[BlackTeamCountry "AZE"]

1. d4 Nf6 2. c4 g6 3. Nc3 Bg7 4. e4 d6 5. f3 0-0 6. Bg5 h6 7. Be3 Nbd7 8. Nh3 c5 9. d5 a6 10. Qd2 Kh7 11. Be2 Rb8 12. 0-0 Ne5 13. Nf2 Qa5 14. a3 Qc7 15. Rfd1 g5 16. Ra2 Ng6 17. g3 Ng8 18. Kg2 f5 19. exf5 Bxf5 20. Rh1 Nf6 21. h4 gxh4 22. g4 Bd7 23. Bd3 e5 24. dxe6 Bxe6 25. Rxh4 Bxc4 26. Bxh6 Bxd3 27. g5 Ng8 28. Nd5 Qf7 29. Rh3 Qxd5 0-1

[Event "FRA-ch (Women)"]
[Site "Bescanon"]
[Date "1999.08.25"]
[Round "8"]
[White "Gervais, Claire"]
[Black "Dacalor, Aurelie"]
[Result "1-0"]
[WhiteElo "2179"]
[BlackElo "2131"]
[PlyCount "81"]
[EventDate "1999.08.18"]
[EventType "tourn"]
[EventRounds "11"]
[EventCountry "FRA"]
[SourceTitle "CBM 071 Extra"]
[Source "ChessBase"]
[SourceDate "1999.09.14"]
[SourceVersion "1"]
[SourceVersionDate "1999.09.14"]
[SourceQuality "1"]

1. d4 g6 2. c4 Bg7 3. e4 d6 4. Be3 f5 5. exf5 Bxf5 6. Ne2 Nd7 7. Ng3 e6 8. Nc3 h5 9. Nxf5 exf5 10. Qd2 Ngf6 11. f3 Qe7 12. 0-0-0 0-0-0 13. Kb1 Rde8 14. Bg5 Qf7 15. Be2 Nh7 16. Be3 Rhf8 17. Rhe1 f4 18. Bf2 Bh6 19. Qc2 Nhf6 20. Qa4 Kb8 21. Qa5 Rxe2 22. Rxe2 Qxc4 23. Rc2 b6 24. Qb5 Qxb5 25. Nxb5 Nd5 26. Rdc1 Bg7 27. Nxc7 Ne3 28. Bxe3 fxe3 29. Ne6 Rf7 30. Nxg7 Rxg7 31. Rc8+ Kb7 32. R1c7+ Ka6 33. Kc2 Re7 34. Kd1 Rf7 35. Ra8 Rf4 36. Raxa7+ Kb5 37. Rxd7 Rxd4+ 38. Ke2 Rd2+ 39. Kxe3 Rxb2 40. Rxd6 Rxg2 41. Rd2 1-0

[Event "FRA-ch (Women)"]
[Site "Bescanon"]
[Date "1999.08.23"]
[Round "6"]
[White "Gervais, Claire"]
[Black "Moingt, Anne"]
[Result "1-0"]
[WhiteElo "2179"]
[BlackElo "2115"]
[PlyCount "81"]
[EventDate "1999.08.18"]
[EventType "tourn"]
[EventRounds "11"]
[EventCountry "FRA"]
[SourceTitle "CBM 071 Extra"]
[Source "ChessBase"]
[SourceDate "1999.09.14"]
[SourceVersion "1"]
[SourceVersionDate "1999.09.14"]
[SourceQuality "1"]

1. d4 Nf6 2. c4 e6 3. Nc3 Bb4 4. Qc2 c5 5. dxc5 0-0 6. Bg5 h6 7. Bd2 Bxc5 8. e3 b6 9. Bd3 Bb7 10. Nf3 Nc6 11. a3 Be7 12. 0-0 Rc8 13. b4 a5 14. b5 Nb8 15. Qb3 d6 16. Rfe1 Nbd7 17. Na4 Ne4 18. Bxe4 Bxe4 19. Nd4 Nc5 20. Nxc5 Rxc5 21. f3 Ba8 22. e4 Bg5 23. Red1 Qc7 24. Be1 Bf6 25. Rac1 d5 26. Bg3 Qc8 27. Bd6 Rxc4 28. Rxc4 dxc4 29. Qc3 Rd8 30. e5 Bg5 31. Nc2 f6 32. Rd4 Bd5 33. f4 fxe5 34. fxe5 Qb7 35. Ne3 Rxd6 36. exd6 Bf6 37. Qd2 Bxd4 38. Qxd4 Qf7 39. Qxb6 Qg6 40. d7 Qb1+ 41. Nf1 1-0

[Event "FRA-ch (Women)"]
[Site "Bescanon"]
[Date "1999.08.21"]
[Round "4"]
[White "Gervais, Claire"]
[Black "Sebag, Marie"]
[Result "1-0"]
[WhiteElo "2179"]
[BlackElo "2153"]
[PlyCount "65"]
[EventDate "1999.08.18"]
[EventType "tourn"]
[EventRounds "11"]
[EventCountry "FRA"]
[SourceTitle "CBM 071 Extra"]
[Source "ChessBase"]
[SourceDate "1999.09.14"]
[SourceVersion "1"]
[SourceVersionDate "1999.09.14"]
[SourceQuality "1"]

1. d4 Nf6 2. Nf3 c5 3. d5 b5 4. Bg5 Qb6 5. Bxf6 Qxf6 6. c3 d6 7. e4 a6 8. Nbd2 Nd7 9. Be2 g6 10. 0-0 Bg7 11. Ne1 0-0 12. Nd3 e6 13. dxe6 fxe6 14. Bf3 Qe7 15. a4 Bb7 16. Re1 c4 17. Nb4 Nc5 18. axb5 axb5 19. Rxa8 Rxa8 20. Nb1 Ra1 21. Qe2 Na4 22. Qd2 Be5 23. g3 Qf6 24. Bg2 g5 25. f3 h5 26. Rf1 h4 27. Nc2 Ra2 28. f4 gxf4 29. gxf4 Qg6 30. fxe5 h3 31. exd6 Nc5 32. Ne1 Nd7 33. Rf3 1-0

[Event "FRA-chT"]
[Site "France"]
[Date "1999.??.??"]
[Round "3"]
[White "Blot, Jerome"]
[Black "Gervais, Claire"]
[Result "1-0"]
[WhiteElo "2253"]
[BlackElo "2212"]
[PlyCount "83"]
[EventDate "1999.02.??"]
[EventType "team"]
[EventRounds "11"]
[EventCountry "FRA"]
[SourceTitle "EXT 2000"]
[Source "ChessBase"]
[SourceDate "1999.11.16"]
[SourceVersion "1"]
[SourceVersionDate "1999.11.16"]
[SourceQuality "1"]

1. d4 Nf6 2. c4 e6 3. Nc3 Bb4 4. e3 0-0 5. Nge2 b6 6. a3 Be7 7. d5 Ba6 8. b3 exd5 9. cxd5 Bd6 10. Bb2 Re8 11. Nd4 Bxf1 12. Kxf1 c5 13. Nf5 Bf8 14. g4 Ne4 15. Nxe4 Rxe4 16. Rg1 g6 17. Qd3 Re8 18. Qc3 f6 19. g5 gxf5 20. gxf6+ Kf7 21. Qc4 Re4 22. Qe2 Rh4 23. Qf3 Qe8 24. Qxf5 Qe4 25. Qg5 Qd3+ 26. Ke1 Qg6 27. Qxh4 Qxg1+ 28. Kd2 Qg6 29. Rc1 b5 30. Qh3 h5 31. f3 Qg5 32. Ke2 Qxd5 33. Rd1 Qg5 34. Kf2 a5 35. Rg1 Qd5 36. Bc3 b4 37. e4 Qxb3 38. Qxh5+ Ke6 39. Qe5+ Kf7 40. Rg7+ Bxg7 41. Qe7+ Kg6 42. Qxg7+ 1-0

[Event "FRA-chT"]
[Site "France"]
[Date "1999.??.??"]
[Round "7"]
[White "Gervais, Claire"]
[Black "Lebel Arias, Julia"]
[Result "1-0"]
[WhiteElo "2212"]
[BlackElo "2195"]
[PlyCount "45"]
[EventDate "1999.02.??"]
[EventType "team"]
[EventRounds "11"]
[EventCountry "FRA"]
[SourceTitle "EXT 2000"]
[Source "ChessBase"]
[SourceDate "1999.11.16"]
[SourceVersion "1"]
[SourceVersionDate "1999.11.16"]
[SourceQuality "1"]

1. d4 Nf6 2. c4 e6 3. Nc3 Bb4 4. Qc2 c5 5. dxc5 Na6 6. a3 Bxc3+ 7. Qxc3 Nxc5 8. f3 d6 9. e4 0-0 10. Be3 Nfxe4 11. fxe4 Nxe4 12. Qc2 Qa5+ 13. Bd2 Qf5 14. Nf3 Bd7 15. Bd3 Bc6 16. Be3 Qg4 17. 0-0 e5 18. h3 Qg6 19. Nh4 Qh5 20. Nf5 Ng5 21. Be2 Be4 22. Bxh5 Bxc2 23. Ne7+ 1-0